000
00279nam a2200109Ia 4500
008
230907s9999||||xx |||||||||||||| ||und||
082
_a
500
_b
KRU
245
0
_a
Great myth conceptions /
260
_a
Harper Collins Publishers,
_b
New York :
_c
2004
300
_a
209 p.
942
_c
BK
999
_c
601240
_d
601240